Statistics for The Super Mario Bros. Movie Characters by Picture

Click here to take the quiz!

General Stats

  • This quiz has been taken 410 times
  • The average score is 13 of 20

Answer Stats

Answer% Correct
Mario
100%
Princess Peach
99%
Luigi
98%
Bowser
96%
Donkey Kong
96%
Toad
93%
Yoshi
75%
Diddy Kong
73%
King Boo
70%
General Koopa
59%
Bomber Bill
58%
Kamek
48%
Penguin King
47%
Lumalee
45%
Cranky Kong
44%
King Bob-omb
40%
Pauline
39%
Dixie Kong
34%
Spike
31%
Giuseppe
15%

Score Distribution

Percentile by Number Answered

Percent of People with Each Score

Your Score History

You have not taken this quiz